000
00239nam a22001097a 4500
003
OSt
008
231115b |||||||| |||| 00| 0 eng d
041
_a
mal
100
_a
Madhavan Nair, K
_9
4426
245
_a
Ningalude sareeram /
942
_c
BK
999
_c
17889
_d
17889